00652nam a2200217Ia 450000500170000000800410001702000180005804000190007604100120009508200160010710000250012324500470014826000290019530000110022450400340023565000150026985000110028494200070029599900170030295201150031920240322151326.0131103s9999 xx 000 0 und d a0 09 120550 6 aLoreto College aEnglish a155.4 bPRI aPringle, Mia Kellmer 4aThe Needs of ChildrencMia Kellmer Pringle aLondonbHutchinsonc1974 a190p.  aIncludes bibliography & index aPsychology aLCLIB  cBK c26943d77422 00102ddc4070aMAINbMAINd2013-11-04l2o155.4 PRI 9384pB29784r2014-03-19s2014-01-08w2013-11-04yBKf